| 000 | 01133nam a2200325 a 4500 | ||
|---|---|---|---|
| 001 | 000110522 | ||
| 003 | CHAP | ||
| 005 | 20220329144137.0 | ||
| 008 | 140908s2011 mx | |r| |||||||spa d | ||
| 010 | _a106984 | ||
| 011 | _a107956 | ||
| 020 | _a9786074014648 | ||
| 040 | _cCHAP | ||
| 082 | 0 | 4 |
_a331.6272073 _bM68 |
| 100 | 1 |
_aMoctezuma L., Miguel _9128312 |
|
| 245 | 1 | 3 |
_aLa transnacionalidad de los sujetos : _bdimensiones, metodologías y prácticas convergentes de los migrantes mexicanos en Estados Unidos / _cpor Miguel Moctezuma L. |
| 260 |
_aMéxico : _bUniversidad Autónoma de Zacatecas _bPorrua, _c2011. |
||
| 300 |
_a285 p. : _bil. |
||
| 490 | 1 | _aColección desarrollo y migración | |
| 590 |
_aE11695DGD _b10 _c20140908 _lUCH01 _h1118 |
||
| 590 |
_aE6096MTM _b05 _c20140908 _lUCH01 _h1006 |
||
| 650 | 1 | 4 |
_aAgricultura _xTrabajadores _xMéxico _91867 |
| 650 | 1 | 4 |
_aMexicanos en E. U. A. _975272 |
| 650 | 1 | 4 |
_aTrabajadores migratorios _zMéxico. _9114481 |
| 650 | 1 | 4 |
_aTrabajo y trabajadores _zMéxico. _9114553 |
| 830 | 0 |
_aColección desarrollo y migración _9128266 |
|
| 901 | _aBK | ||
| 942 | _cLIBRO | ||
| 942 | _n0 | ||
| 999 |
_c106984 _d106984 |
||